000 00685nam a2200193Ii 4500
003 JO-AjNU
008 230605s9999||||xx |||||||||||||| ||und||
040 _aJO-AjNU
_bara
_erda
_cJO-AjNU
041 _aara
050 1 4 _aTN270.D3248 1988
100 3 _aالدباغ ، سالم محمود عبدالله ,
_eauthor
_937468
245 0 0 _aمبادئ وطرق الاستكشاف الجيو كيميائي للرواسب الخام
264 3 1 _aبغداد: جامعة الموصل، 1988
300 _a240ص
336 _atext
_btxt
_2rdacontent
337 _aunmediated
_bn
_2rdamedia
338 _avolume
_bnc
_2rdacarrier
650 4 _aاكتشافات جيو كيمائية
_937469
999 _aA15658
_c19226
_d19226